Johnnys You May Generally Know #1 - Statistics

General Stats
  • This quiz has been taken 151 times
  • The average score is 11 of 20
Answer Stats
Clue Forename Surname % Correct
An actor known for playing a cavalcade of weird characters in Tim Burton movies and a pirate in a Disney franchise. Johnny Depp
94%
The title of a 1958 rock song by Chuck Berry. Johnny B. Goode
93%
A member of a legendary British rock band of the sixties who broke away from them in the seventies and told us to give peace a chance. John Lennon
93%
A country music legend known for being the Man in Black. Johnny Cash
92%
Almost exclusively known by his initials, this John served in the first World War and went on to write an epic fantasy tale. J.R.R. Tolkien
90%
He became President #2 of the United States of America. John Adams
75%
A character from Game of Thrones who wears black and is frequently reminded that he knows nothing. Jon Snow
72%
This folk and country singer loved to sing about a country road in West Virginia. John Denver
70%
A movie character known for an 80's action trilogy about a Green Beret Vietnam war veteran. Usually known only by his last name. John Rambo
63%
A multiple time WWE champion known for his never-give-up attitude and his motto of "Hustle, Loyalty and Repect". John Cena
58%
An American legend known for being a kind, generous conservationist with a penchant for planting seeds to grow trees. Johnny Appleseed
54%
A world record setting track athlete, a painter, a naval captain of the American Revolution and the bassist of Led Zeppelin all share this name. John Paul Jones
51%
This Irish author is perhaps best known for his classic story about Gulliver. Jonathan Swift
46%
This actor rose to fame on Roseanne in the 90's. He's now better known for his role on the Big Bang Theory. Johnny Galecki
40%
The host of a British late night show that used to air on BBC on Friday, now appears on ITV on Saturday. Johnathan Ross
40%
A record setting NFL Hall of Fame player from the 50's to 70's who spent most of his time with the Baltimore Colts. Johnny Unitas
28%
The titular character played by Taylor Kitsch in a Science Fiction movie that was a complete box office bomb. John Carter
19%
Phillip Clap used this stage name when performing dangerous stunts and carried it over to his acting career. Johnny Knoxville
18%
This Italian explorer was born Giovanni, but is more well known as the John who discovered the North Atlantic on behalf of the British in 1497. John Cabot
11%
Considered the Father of Confederation in Canada, where he was also the first Prime Minister. John A. Macdonald
10%
No matching quizzes found
Score Distribution
Percent of People with Each Score
Percentile by Number Answered
Your Score History
You have not taken this quiz